Tajemství akordových značek /

Hlavní autor: Šolc, Milan, 1925-1977
Jazyk: Čeština
Vydáno: Praha : Supraphon, 1981
Vydání: 6. vyd.
Témata:
Externí odkaz: Digitalizovaný dokument
Fyzický popis: 156 s.
Knihy
Uloženo v:
LEADER 01086nam a22003012a 4500
001 000334032
003 CZ BrMZK
005 20191023142604.0
007 ta
008 980107s1981 xr e f cze d
015 |a cnb000155797 
035 |a (OCoLC)42177455 
040 |a BOA001  |b cze 
072 7 |a 781  |x Hudební teorie  |2 Konspekt  |9 9 
080 |a 781.22  |2 MRF 
080 |a (035)  |2 MRF 
100 1 |a Šolc, Milan,  |d 1925-1977  |7 jk01130707  |4 aut 
245 1 0 |a Tajemství akordových značek /  |c Milan Šolc 
250 |a 6. vyd. 
260 |a Praha :  |b Supraphon,  |c 1981 
300 |a 156 s. 
650 0 7 |a akordy  |7 ph604028  |2 czenas 
655 7 |a příručky  |7 fd133209  |2 czenas 
856 4 1 |u http://www.digitalniknihovna.cz/mzk/uuid/uuid:83e5afc0-cbd8-11e4-8565-005056827e52  |y Digitalizovaný dokument  |x NDK 
910 |a BOA001  |b PK-A-0009.278-81  |b 1-0543.783-81 
990 |a BK 
996 6 |b 2619461257  |c 1-0543.783-81  |l MZK  |r Sklad / do 1 hodiny  |n 2  |w 000334032  |u 000020  |a 1  |e BOA001  |j MZK50  |s P 
996 7 |b 3119806931  |c PK-A-0009.278-81  |l MZK  |r Sklad / do 1 hodiny  |n 5  |w 000334032  |u 000010  |a 1  |e BOA001  |j MZK50  |s A